Statistiques concernant L'amour en chansons

Cliquez ici pour prendre le quiz!

Statistiques générales

  • Ce quiz a été pris 310 fois
  • Le résultat moyen est 20 sur 50

Statistiques - réponses

InterprètesAnnéeChanson% Correct
Edith Piaf1950L'hymne à l'amour
95%
Johnny Hallyday1969Que je t'aime
84%
Whitney Houston1992I will always love you
80%
Michel Sardou1976Je vais t'aimer
78%
Lara Fabian1997Je t'aime
75%
Jacques Brel1956Quand on n'a que l'amour
71%
Elton John1994Can you feel the love tonight ?
70%
Scorpions1984Still loving you
70%
Alain Souchon1993L'amour à la machine
65%
Georges Brassens1954Les amoureux des bancs publics
64%
Beyoncé & Jay Z2003Crazy in love
62%
Tina Arena2005Aimer jusqu'à l'impossible
62%
Alain Bashung1981Vertige de l'amour
61%
The Beatles1967All you need is love
61%
Elvis Presley1956Love me tender
59%
Anaïs2005Mon coeur, mon amour
58%
Niagara1986L'amour à la plage
57%
Sylvie Vartan1981L'amour c'est comme une cigarette
54%
James Blunt2004Goodbye my lover
50%
Michel Berger1980Quelques mots d'amour
50%
Jean Ferrat1971Aimer à perdre la raison
45%
Stevie Wonder1984I just called to say i love you
41%
Véronique Sanson1972Amoureuse
41%
Calvin Harris & Rihanna2011We found love
39%
Barbara1967Ma plus belle histoire d'amour
38%
Serge Gainsbourg1984Love on the beat
37%
Richard Anthony1974Amoureux de ma femme
33%
Maroon 52002This love
30%
Queen1975Love of my life
30%
Selena Gomez & The scene2011Love you like a love song
28%
Barbra Streisand1980Woman in love
26%
Michel Polnareff1967L'amour avec toi
26%
Leona Lewis2007Bleeding love
25%
Julie & Herbert Léonard1983Amoureux fous
23%
Léopold Nord et Vous1987C'est l'amour
23%
Soft Cell1981Tainted love
20%
Led Zeppelin1969Whole Lotta love
18%
Mylène Farmer1999Je te rends ton amour
17%
Foreigner1984I want to know what love is
16%
Madonna2003Love profusion
15%
Donna Summer1975Love to love you baby
13%
Marie Laforêt1967Mon amour, mon ami
13%
Christophe Rippert1993Un amour de vacances
12%
Mariah Carey1990Vision of love
8%
The Cure1992Friday, I'm in love
8%
Lucienne Boyer1930Parlez moi d'amour
7%
Frankie Goes To Hollywood1984The power of love ( groupe anglais )
6%
Boule Noire1978Aimer d'amour
5%
John Paul Young1977Love is in the air
5%
Wet Wet Wet1995Love is all around
5%

Distribution des résultats

Percentile par nombre de réponses

% des personnes avec chaque résultat

Votre développement - résultats

Vous n’avez pas pris ce quiz